Españoles de tres mundos (Record no. 178748)

MARC details
000 -LEADER
campo de control de longitud fija 01547nam a2200337 i 4500
001 - NÚMERO DE CONTROL
campo de control 178748
003 - IDENTIFICADOR DE NÚMERO DE CONTROL
campo de control ES-MaACL
005 - FECHA Y HORA DE LA ÚLTIMA TRANSACCIÓN
campo de control 20250514194851.0
008 - DATOS DE LONGITUD FIJA--INFORMACIÓN GENERAL
campo de control de longitud fija 110614s2009 sp |||| |dspa d
020 ## - NÚMERO INTERNACIONAL ESTÁNDAR DEL LIBRO
Número Internacional Estándar del Libro 978-84-9895-034-2
080 ## - NÚMERO DE LA CLASIFICACIÓN DECIMAL UNIVERSAL
Número de la Clasificación Decimal Universal 929:821.134.2"18/19"
080 ## - NÚMERO DE LA CLASIFICACIÓN DECIMAL UNIVERSAL
Número de la Clasificación Decimal Universal 929:821.134.2(7/8)"18/19"
100 1# - ENTRADA PRINCIPAL--NOMBRE DE PERSONA
Nombre de persona Jiménez, Juan Ramón,
Fechas asociadas al nombre 1881-1958
9 (RLIN) 66417
245 10 - MENCIÓN DEL TÍTULO
Título Españoles de tres mundos
Resto del título : viejo mundo, nuevo mundo, otro mundo (caricatura lírica), (1914-1940) /
Mención de responsabilidad, etc. Juan Ramón Jiménez ; texto preparado por Javier Blasco y Francisco Díaz de Castro ; ordenación y revisión de Francisco Silvera ; prólogo de José Manuel Caballero Bonald.
246 34 - FORMA VARIANTE DEL TITULO
Título propio/Titulo breve Españoles de tres mundos
Resto del título : (1914-1940)
260 ## - PUBLICACIÓN, DISTRIBUCIÓN, ETC.
Lugar de publicación, distribución, etc. Madrid :
Nombre del editor, distribuidor, etc. Visor Libros ;
Lugar de publicación, distribución, etc. Huelva :
Nombre del editor, distribuidor, etc. Diputación de Huelva,
Fecha de publicación, distribución, etc. [2009]
300 ## - DESCRIPCIÓN FÍSICA
Extensión 395 p. ;
Dimensiones 20 cm.
490 1# - MENCIÓN DE SERIE
Mención de serie Obras de Juan Ramón Jiménez ;
Designación de volumen o secuencia 38
650 #7 - PUNTO DE ACCESO ADICIONAL DE MATERIA--TÉRMINO DE MATERIA
Término de materia o nombre geográfico como elemento de entrada Escritores españoles-
Subdivisión cronológica S.XIX.
9 (RLIN) 145488
650 07 - PUNTO DE ACCESO ADICIONAL DE MATERIA--TÉRMINO DE MATERIA
Término de materia o nombre geográfico como elemento de entrada Escritores españoles-
Subdivisión cronológica S.XX.
9 (RLIN) 12391
650 #4 - PUNTO DE ACCESO ADICIONAL DE MATERIA--TÉRMINO DE MATERIA
Término de materia o nombre geográfico como elemento de entrada Escritores hispanoamericanos.
9 (RLIN) 158687
700 1# - ENTRADA AGREGADA--NOMBRE PERSONAL
Nombre de persona Blasco Pascual, Francisco J.
9 (RLIN) 29398
700 1# - ENTRADA AGREGADA--NOMBRE PERSONAL
Nombre de persona Díaz de Castro, Francisco J.
9 (RLIN) 44219
700 1# - ENTRADA AGREGADA--NOMBRE PERSONAL
Nombre de persona Silvera, Francisco.
9 (RLIN) 140762
700 1# - ENTRADA AGREGADA--NOMBRE PERSONAL
Nombre de persona Caballero Bonald, José Manuel,
Fechas asociadas al nombre 1926-2021
9 (RLIN) 226628
710 1# - ENTRADA AGREGADA--NOMBRE DE ENTIDAD CORPORATIVA
Nombre de entidad corporativa o nombre de jurisdicción como elemento de entrada Huelva (Provincia).
Unidad subordinada Diputación Provincial.
9 (RLIN) 4624
830 0# - PUNTO DE ACCESO ADICIONAL DE SERIE-TÍTULO UNIFORME
Título uniforme Obras de Juan Ramón Jiménez
Designación de volumen o secuencia 38
9 (RLIN) 191022
852 ## - LOCALIZACIÓN
Ubicación ES-MaACL
Número de control de estantería A-11276
itemnumber 185608
Sublocalización o colección R.145606
Ubicación en estantería Depósito 1
Signatura antigua Olim: N-4280
942 ## - ELEMENTOS DE ENTRADA SECUNDARIOS (KOHA)
Fuente del sistema de clasificación o colocación Clasificación decimal universal
Tipo de ítem Koha Libro impreso
Holdings
Estatus retirado Estado de pérdida Fuente del sistema de clasificación o colocación Estado de daño No para préstamo Biblioteca de origen Biblioteca actual Ubicación en estantería Fecha de adquisición Fuente de adquisición Total de préstamos Signatura topográfica completa Código de barras Visto por última vez Precio de reemplazo Tipo de ítem Koha
    Clasificación decimal universal     Biblioteca del Ateneo de Madrid Biblioteca del Ateneo de Madrid Depósito 1 14/06/2011 Compra   A-11276 1187760 23/02/2023 23/02/2023 Libro impreso